| 000 | 00438nam a22001697a 4500 | ||
|---|---|---|---|
| 003 | MPLRDC | ||
| 005 | 20220104143119.0 | ||
| 008 | 210129b ||||| |||| 00| 0 eng d | ||
| 020 | _a983-9741-31-4 | ||
| 082 | _a802.791 LYBW 1994 | ||
| 100 | _a联营编委会 | ||
| 245 |
_aKBSM 高中应用文 _c |
||
| 260 |
_a _b联营出版有限公司 _c1994 |
||
| 300 | _b平 | ||
| 650 | _a华语作文--应用文 | ||
| 942 |
_cBK _o802.791 LYBW 1994 |
||
| 999 |
_c36759 _d36749 |
||